Победоносцев. Русский Торквемада (Запись № 11465383)

Подробности
000 -МАРКЕР
контрольное поле 01738nam0a2200361 4500
001 - ИДЕНТИФИКАТОР ЗАПИСИ
контрольное поле RU\NLR\BIBL_A\011393528
005 - ИДЕНТИФИКАТОР ВЕРСИИ
контрольное поле 20260406085830.0
010 ## - МЕЖДУНАРОДНЫЙ СТАНДАРТНЫЙ НОМЕР КНИГИ (ISBN)
Номер (ISBN) 978-5-235-03973-5
Тираж 2500
021 ## - НОМЕР ГОСУДАРСТВЕННОЙ РЕГИСТРАЦИИ
Код страны Российская Федерация
Номер 2017-31849
Номер Листа государственной регистраци 2345
035 ## - ДРУГИЕ СИСТЕМНЫЕ НОМЕРА
Идентификатор записи (RuMoRGB)008874083
035 ## - ДРУГИЕ СИСТЕМНЫЕ НОМЕРА
Идентификатор записи (NLR Aleph) 011393528
100 ## - ДАННЫЕ ОБЩЕЙ ОБРАБОТКИ
Данные общей обработки 20170525d2017 |||y0rusy50 ca
101 0# - ЯЗЫК РЕСУРСА
Язык текста, звукозаписи и т.д. русский
102 ## - СТРАНА ПУБЛИКАЦИИ ИЛИ ПРОИЗВОДСТВА
Страна публикации Российская Федерация
105 ## - ПОЛЕ КОДИРОВАННЫХ ДАННЫХ: ТЕКСТОВЫЕ МАТЕРИАЛЫ, МОНОГРАФИЧЕСКИЕ
Кодированные данные о монографическом текстовом документе achzzz0|||1zb
200 1# - ЗАГЛАВИЕ И СВЕДЕНИЯ ОБ ОТВЕТСТВЕННОСТИ
Основное заглавие Победоносцев. Русский Торквемада
Первые сведения об ответственности Александр Полунов
210 ## - ПУБЛИКАЦИЯ, РАСПРОСТРАНЕНИЕ И ДР.
Место издания, распространения и т.д. Москва
Имя издателя, распространителя и т. д. Молодая гвардия
Дата издания, распространения и т.д. 2017
215 ## - ФИЗИЧЕСКАЯ ХАРАКТЕРИСТИКА
Специфическое обозначение материала и объем 332, [3] с., [16] л. ил., портр., факс.
Размеры 21
225 1# - СЕРИЯ
Основное заглавие серии Жизнь замечательных людей
Сведения, относящиеся к заглавию cерия биографий
Сведения об ответственности основана в 1890 году Ф. Павленковым и продолжена в 1933 г. М. Горьким
Обозначение тома 1832(1632)
300 ## - ОБЩИЕ ПРИМЕЧАНИЯ
Текст примечания В аннот. авт.: д. ист. н. А. Полунов
320 ## - ПРИМЕЧАНИЯ О НАЛИЧИИ В ДОКУМЕНТЕ БИБЛИОГРАФИИ / УКАЗАТЕЛЯ
Текст примечания Библиогр. в примеч.: с. 311-330 (544 назв.)
320 ## - ПРИМЕЧАНИЯ О НАЛИЧИИ В ДОКУМЕНТЕ БИБЛИОГРАФИИ / УКАЗАТЕЛЯ
Текст примечания Библиогр. в конце кн.
333 ## - ПРИМЕЧАНИЯ ОБ ОСОБЕННОСТЯХ РАСПРОСТРАНЕНИЯ И ИСПОЛЬЗОВАНИЯ
Текст примечания 16+
600 #1 - ИМЯ ЛИЦА КАК ПРЕДМЕТ
Начальный элемент ввода Победоносцев
Часть имени, кроме начального элемента ввода К.П.
Даты 1827 - 1907
Расширение инициалов личного имени Константин Петрович
Системный номер авторитетной/нормативной записи 889420
Идентификатор авторитетной/нормативной записи RU\NLR\AUTH\66321471
686 1# - ИНДЕКСЫ ДРУГИХ КЛАССИФИКАЦИЙ
Индекс Т3(2)5-8
700 #1 - ИМЯ ЛИЦА - ПЕРВИЧНАЯ ОТВЕТСТВЕННОСТЬ
Начальный элемент ввода Полунов
Часть имени, кроме начального элемента ввода А. Ю.
Дополнения к именам, кроме дат д-р ист. наук
Даты 1966-
Расширение инициалов личного имени Александр Юрьевич
Системный номер авторитетной/нормативной записи 133202
Идентификатор авторитетной/нормативной записи RU\NLR\AUTH\770133236
702 #1 - ИМЯ ЛИЦА - ВТОРИЧНАЯ ОТВЕТСТВЕННОСТЬ
Код отношения Прочие
Графика поля Кириллица
Материалы, к которым относится поле rus
Начальный элемент ввода Победоносцев
Часть имени, кроме начального элемента ввода К. П.
Дополнения к именам, кроме дат гос. деятель
Даты 1827-1907
Расширение инициалов личного имени Константин Петрович
Системный номер авторитетной/нормативной записи 39258
Идентификатор авторитетной/нормативной записи RU\NLR\AUTH\7756326
942 ## - ДОПОЛНИТЕЛЬНЫЕ ЭЛЕМЕНТЫ ЗАПИСИ (АБИС)
Тип экземпляра АБИС Книга
980 ## - КОЛЛЕКЦИЯ
Название коллекции НБР
980 ## - КОЛЛЕКЦИЯ
Название коллекции Национальная библиография
Экземпляры
Тип экземпляра Дата поступления Источник поступления Библиотека постоянного хранения Библиотека текущего хранения Место хранения Шифр хранения Штрих-код Статус экземпляра Стоимость
Книга 25.05.2017 Обязательный экземпляр РНБ (Московский) РНБ (Московский) Русский книжный фонд: издания с 1957 года 2017-3/14254 1-1861388    
Книга 25.05.2017 Обязательный экземпляр РНБ (Московский) РНБ (Московский) Русский книжный фонд: издания с 1957 года 2017-3/14254 1-1861389    
Книга 01.06.2017   РНБ (Московский) РНБ (Московский) Залы гуманитарной литературы   ERR-96826   0.00
Книга 01.06.2017   РНБ (Садовая) РНБ (Садовая) Фонд Абонемента (Садовая)   ERR-96788   0.00
Книга 01.06.2017 Покупка РНБ (Садовая) РНБ (Садовая) Универсальный читальный зал У Т3(2)52-8/П-532 1-2174497   626.00
Книга 01.06.2017 Покупка РНБ (Фонтанка) РНБ (Фонтанка) Юношеский читальный зал Ю Т3(2)52-8 Победоносцев/П-53 1-2174496   626.00